Mystery of the Wax Queen (Record no. 37648)

MARC details
000 -LEADER
fixed length control field 00276nam a2200109Ia 4500
082 ## - DEWEY DECIMAL CLASSIFICATION NUMBER
Classification number 82-3
Item number KEE
100 ## - MAIN ENTRY--AUTHOR NAME
Personal name Keene, Carolyn
245 #0 - TITLE STATEMENT
Title Mystery of the Wax Queen
260 ## - PUBLICATION, DISTRIBUTION, ETC. (IMPRINT)
Place of publication New York
Name of publisher Grosset and Dunlap
Year of publication 1972
942 ## - ADDED ENTRY ELEMENTS (KOHA)
Koha item type Books
Holdings
Withdrawn status Lost status Damaged status Not for loan Home library Current library Date acquired Cost, normal purchase price Full call number Accession Number Koha item type
        RRII Library RRII Library 16/12/2021 33.05 82-3 KEE 18029 Books